000 00414nam a22001577a 4500
005 20240109131317.0
008 190530b xxu||||| |||| 00| 0 eng d
020 _a978-81-96396-13-8
041 _aeng
100 _aSARAF, DR. SWARNLATA AND KAPOOR, SHWETA
_98353
245 _aA TEXTBOOK OF COSMETIC LEGISLATION
250 _a4th ed., 2018
260 _aPUNE
_bNIRALI PRAKASHAN
300 _aB.6 p,
942 _cBK
999 _c5908
_d5906